Teen Suicide : (Record no. 611041)

MARC details
000 -LEADER
fixed length control field 00493nam a2200181 a 4500
001 - CONTROL NUMBER
control field 1770453312812
003 - CONTROL NUMBER IDENTIFIER
control field YourLibrary
005 - DATE AND TIME OF LATEST TRANSACTION
control field 20260207140844.0
008 - FIXED-LENGTH DATA ELEMENTS--GENERAL INFORMATION
fixed length control field 260207s2009##################000#0#eng##
020 ## - INTERNATIONAL STANDARD BOOK NUMBER
International Standard Book Number 9780737744187
082 04 - DEWEY DECIMAL CLASSIFICATION NUMBER
Classification number 362.280835
Item number SCH
040 ## - CATALOGING SOURCE
Original cataloging agency YourLibrary
Language of cataloging eng
Transcribing agency YourLibrary
100 1# - MAIN ENTRY--PERSONAL NAME
Personal name Schusterbauer, Emily,
Relator term author.
245 10 - TITLE STATEMENT
Title Teen Suicide :
260 ## - PUBLICATION, DISTRIBUTION, ETC.
Name of publisher, distributor, etc. Greenhaven Press, Incorporated,
Date of publication, distribution, etc. 2009.
650 #0 - SUBJECT ADDED ENTRY--TOPICAL TERM
Topical term or geographic name entry element Adolescent psychology.
942 ## - ADDED ENTRY ELEMENTS (KOHA)
Koha item type English Books
Holdings
Withdrawn status Lost status Damaged status Not for loan Home library Current library Shelving location Date acquired Total Checkouts Full call number Barcode Date last seen Price effective from Koha item type
        Anna Centenary Library Anna Centenary Library 4TH FLOOR, A WING 07.02.2026   362.280835 SCH 203400 07.02.2026 07.02.2026 English Books

Find us on the map